000 00342nam a2200133Ia 4500
008 151001s9999||||xx |||||||||||||| ||und||
100 _aमीना - प्रभू
245 _aदक्षिणरंग
250 _a3
260 _bपुणे प्रकाशन
260 _c2005
300 _a296
365 _b21
999 _c984627
_d984624